| 000 | 00771nam a2200241 u 4500 | ||
|---|---|---|---|
| 005 | 20220603063650.0 | ||
| 008 | 080506s2004 mx r 000 0 spa d | ||
| 020 | _a9681673336 | ||
| 035 | _aUPN01000155740 | ||
| 049 | _aI | ||
| 050 | 4 |
_aPZ90 H3 _bK4.6 |
|
| 100 | 1 |
_aKeret, Etgar, _d1967- _930444 |
|
| 245 | 1 | 0 |
_aPapá escapó con el circo / _cEtgar Keret ; il. Rutu Modan ; tr. Andrea Fuentes Silva. |
| 260 |
_aMéxico : _bFCE, _c2004. |
||
| 300 |
_a39 p. : _bprincipalmente il. col. |
||
| 440 | 4 | _aLos primerísimos | |
| 534 |
_pTítulo original: _tAba boreab im bakirkas |
||
| 650 | 4 |
_aLITERATURA HEBREA MODERNA _910859 |
|
| 650 | 4 |
_aCuentos infantiles _96744 |
|
| 650 | 4 |
_aCIRCO - _vLITERATURA JUVENIL _99532 |
|
| 700 | 1 |
_aModan, Rutu, _eil. |
|
| 905 | _aInfantil | ||
| 999 |
_c127854 _d127854 |
||